LEADER 01929nam 2200517 450 001 9910827098603321 005 20240131173108.0 010 $a84-9116-985-7 035 $a(CKB)4100000003282471 035 $a(MiAaPQ)EBC5349921 035 $a(OCoLC)1105439277 035 $a(FlNmELB)ELB59115 035 $a(MiAaPQ)EBC7051413 035 $a(Au-PeEL)EBL7051413 035 $a(EXLCZ)994100000003282471 100 $a20190110d2017 uy 0 101 0 $aspa 135 $aurcnu|||||||| 181 $2rdacontent 182 $2rdamedia 183 $2rdacarrier 200 13$aLa psicologi?a aplicada en la diplomacia /$fEdgar Galindo 210 1$aMexico D.F. :$cAmapsi ;$aBarcelona :$cEditorial UOC,$d2017. 215 $a1 online resource (422 pa?ginas) 225 1 $aPsicologi?a 311 $a84-9180-070-0 320 $aContiene bibliografi?a. 330 $aEste libro explora las formas de aplicar los conocimientos de la psicología para analizar cuestiones concretas relacionadas con la diplomacia, las relaciones internacionales y la política en general, como son la toma de decisiones, la percepción del otro, el uso del lenguaje, la formación de prejuicios, los extremismos, los conflictos entre grupos, la mediación, la cooperación y la competencia, o la percepción de las diferencias culturales. 410 0$aPsicologi?a. 606 $aDiplomacy$xPsychological aspects 606 $aPsychology, Applied 606 $aDiplomacia 606 $aPsicologi?a 608 $aLibros electronicos. 615 0$aDiplomacy$xPsychological aspects. 615 0$aPsychology, Applied. 615 4$aDiplomacia. 615 4$aPsicologi?a. 676 $a327.2019 700 $aGalindo$b Edgar$01627020 801 0$bFINmELB 801 1$bFINmELB 906 $aBOOK 912 $a9910827098603321 996 $aLa psicologi?a aplicada en la diplomacia$93963396 997 $aUNINA